000 00787nam a2200253Ia 4500
003 OSt
005 20220923211029.0
006 a|||||r|||| 00| 0
007 ta
008 Pun
020 _a8171163769 (hbk)
_c150
024 _a282,562
037 _b864, 14/08/2014, H.K. Prakashan
_cTextual
040 _aARTS
_cARTS
_bPun
041 _2Pun
_aPun
082 _aO153,1N26,HS, P4
100 _aਸਿੰਘ, FਮFੇਰ, Fੋਰ
_9157352
245 0 _aਹੀਰ ਸੈਦਾ
260 _aਦਿੱਲੀ
_b ਨੈFਨਲ ਬੁਕ Fਾਪ
_c2004
300 _a168ਪੰ
_ccm.
650 _aਪੰਜਾਬੀ ਸਾਹਿਤ
942 _hO153,1N26,HS, P4
_cTEXL
_2CC
999 _c294184
_d294184